000 02589nam0a2200385 i 4500
001 RU\NLR\BIBL_A\010008564
005 20260517063439.0
010 _a9785794418644
_9100
021 _aRU
_b2013-84708
_95863
035 _a(NILC)LIBNET\0000378150
035 _a(NLR Aleph) 010008564
090 _a9840862
_c9840862
100 _a20131128d2012 k y0rusy50 ca
101 0 _arus
102 _aRU
105 _aa|||7||||01yy
200 1 _aИсследование диоксогетероциклов методом рентгеноструктурного анализа
_eмонография
_fЗ.Г. Алиев, А.Н. Масливец, И.В. Машевская, П.С. Силайчев
_gМ-во образования и науки Рос. Федерации, Федер. гос. бюджет. образоват. учреждение высш. проф. образования "Перм. гос. нац. исслед. ун-т", [Хим. фак.]
210 _aПермь
_cРедакционно-издательский отдел Пермского государственного национального исследовательского университета
_d2012
215 _a129 с.
_cил.
_d20
300 _aНа 4-й с. обл. 1-3-й авт.: к.ф.-м.н. З.Г. Алиев, д.х.н., проф. А.Н. Масливец, д.х.н., проф. И.В. Машевская, к.х.н.
320 _aБиблиогр. в конце ст.
606 1 _aГетероциклические соединения пятичленные
_xРентгеноструктурный анализ
_92207849
_3RU\NLR\AUTH\6601560669
686 _a24.236.2
_vLBC/RL
_2rubbk
686 1 _aГ26-11
701 1 _aАлиев
_bЗ.Г.
_gЗайнутдин Гасанович
701 1 _aМасливец
_bА. Н.
_cд-р хим. наук
_gАндрей Николаевич
_9167297
_3RU\NLR\AUTH\770167344
701 1 _aМашевская
_bИ. В.
_cд-р хим. наук
_f1965-
_gИрина Владимировна
_9167304
_3RU\NLR\AUTH\770167351
701 1 _aСилайчев
_bП. С.
_cканд. хим. наук
_gПавел Сергеевич
_9167309
_3RU\NLR\AUTH\770167356
712 0 2 _aПермский государственный национальный исследовательский университет
_3RU\NLR\AUTH\8810198282
_9285379
801 0 _aRU
_bПермская ГОУБ
_c20131007
_grcr
801 1 _aRU
_bПермская ГОУБ
_c20131007
_grcr
_2rusmarc
942 _cBOOK
980 _aNBR